[Event "Trondheim tt U26"]
[Site "Trondheim"]
[Date "2007.04.28"]
[Round "3"]
[White "Solbu, Lasse Tveter"]
[Black "Lund, Terje"]
[Result "1/2-1/2"]
[WhiteElo "1632"]
[BlackElo "1893"]
[PlyCount "61"]
[EventDate "2007.04.28"]
[EventType "team"]
[EventRounds "5"]
[EventCountry "NOR"]
[SourceTitle "EXT 2008"]
[Source "ChessBase"]
[SourceDate "2007.11.25"]
[SourceVersion "1"]
[SourceVersionDate "2007.11.25"]
[SourceQuality "1"]

1. d4 d5 2. c4 c6 3. Nc3 e6 4. Nf3 Nf6 5. Bg5 h6 6. Bxf6 Qxf6 7. e3 Nd7 8. Bd3 g6 9. a4 Bg7 10. 0-0 0-0 11. a5 Qe7 12. Qc2 Rb8 13. Rfd1 dxc4 14. Bxc4 b5 15. Be2 a6 16. Ne4 e5 17. Rac1 Re8 18. dxe5 Nxe5 19. Nd4 Bb7 20. Nc5 Rec8 21. Ndb3 Rd8 22. Nxb7 Rxd1+ 23. Rxd1 Rxb7 24. Nc5 Ra7 25. b4 Nd7 26. Nxd7 Rxd7 27. Rxd7 Qxd7 28. g3 Bf8 29. Bf3 Bxb4 30. Qxc6 Qxc6 31. Bxc6 1/2-1/2

[Event "Trondheim tt U26"]
[Site "Trondheim"]
[Date "2007.04.28"]
[Round "1"]
[White "Solbu, Lasse Tveter"]
[Black "Rundgren, Anders"]
[Result "1-0"]
[WhiteElo "1632"]
[BlackElo "1224"]
[PlyCount "57"]
[EventDate "2007.04.28"]
[EventType "team"]
[EventRounds "5"]
[EventCountry "NOR"]
[SourceTitle "EXT 2008"]
[Source "ChessBase"]
[SourceDate "2007.11.25"]
[SourceVersion "1"]
[SourceVersionDate "2007.11.25"]
[SourceQuality "1"]

1. d4 d5 2. c4 dxc4 3. Nc3 a6 4. a4 e5 5. d5 Nf6 6. Bg5 Bb4 7. e4 h6 8. Bxf6 Qxf6 9. Bxc4 0-0 10. Nge2 Nd7 11. 0-0 Bc5 12. Qc2 Qg6 13. Kh1 Nf6 14. f3 Bd7 15. Rab1 Kh8 16. b4 Ba7 17. b5 axb5 18. Nxb5 Bb6 19. d6 Bxb5 20. Rxb5 Nd7 21. dxc7 Rfc8 22. Nc3 Rxc7 23. Nd5 Rc5 24. Nxb6 Rxb5 25. Nxa8 Rc5 26. Qb3 Qc6 27. Bb5 Rc1 28. Qd3 Qc3 29. Qxc3 1-0